00650nam a22002057a 450000500170000001000150001702000260003203500130005803500130007103700130008403700190009708200120011610000150012824501270014326000400027027000340031030000220034450000500036670000280041620130712171600.0 aENG-105312 a9789325957640c750.00 aEN-88845 aB-492330 bDBAD/PUB bBlue Berry/Ven a658.408 aBaxi, C.V. aCorporate social responsibility :cby C.V.Baxi [and] Rupamanjari Sinha Rayba study of CSR practices in Indian industry / aNoidabVikas Publishing Housec2012 aE-28,Sector-8,bNoidae201301 ax,281p.c22cm(Hb) aIncludes bibliographical references and index aRay, Rupamanjari Sinha